00856cam a2200265 a 450000100100000000500170001000800410002702000150006804000230008304100380010608200180014410000300016224000260019224500670021826000510028530000280033649000330036453400370039750400320043450000220046665000230048865000200051170000230053183000360055400000137720200929145547.0781128s1979 ja a b 001 0 eng  a0870113224 aDO-SdBNPcDLCdDLC17aenghjpn2Código de idioma MARC a738.27bN163k1 aNakagawa, Sensaku,d1910-10aKutani-yaki.lEnglish10aKutani ware /cSensaku Nakagawa ; traducción de John Bester. aTokyo, Japan :bKodansha International,c1979. a181 p. :bil. ;c27 cm.1 aJapanese arts libraryvno. 7 aTítulo Original:tKutani-yaki. aBibliografía: p. 171-175. aIncluye índice. 4aPorcelana japonesa 4aPorcelana china1 aBedter, John,etr. 0aJapanese arts library ;vno. 7.